000 00355nab a22001097u 4500
008 130520b2005 xxu||||| |||| 00| 0 ger d
041 _ager
100 1 _aBuchholz, René
_958635
245 0 0 _aTranszendenz und "Naturgeschichte"
_cRené Buchholz
773 0 _tZeitschrift für Katholische Theologie
_gV.127, nº4,2005,págs. 345-360
_x0
_wRev502
942 _cAR
999 _c325635
_d325635